| 000 | 00753na a2200229 4500 | ||
|---|---|---|---|
| 001 | 16509 | ||
| 003 | MIRAKIL | ||
| 005 | 20181213154851.0 | ||
| 008 | 161012b tu 000 0 | ||
| 040 |
_aMilas _btur _cTR-AnCHP |
||
| 041 | _atur | ||
| 082 |
_a915.6327 _bA67 [t.y.] |
||
| 090 | _a915.6327 A67 [t.y.] | ||
| 245 |
_aArtvin'den kültür derneği'ne _bbir kentin insanlarının, derneğinin ve nehrinin öyküsü _cArtvin Kültür ve Yardımlaşma Derneği |
||
| 246 | _aBir kentin insanlarının, derneğinin ve nehrinin öyküsü | ||
| 260 |
_aAnkara _b[yayl.y.] _c[t.y.] |
||
| 300 |
_a47 s. _bfotg. _c15x15 sm. |
||
| 651 |
_aArtvin _xSosyokültürel yaşam |
||
| 651 |
_aArtvin _xTarih |
||
| 651 |
_aArtvin _xKılavuzlar |
||
| 942 |
_2dcc _cBKS |
||
| 999 |
_c2274 _d2274 |
||